[Event "Olympiad Women-39"]
[Site "Khanty-Mansiysk"]
[Date "2010.09.30"]
[Round "9.41"]
[White "Mencos, Claudia"]
[Black "Sanchez Rodriguez, Wilmairi"]
[Result "1-0"]
[WhiteElo "1912"]
[BlackElo "1812"]
[PlyCount "77"]
[EventDate "2010.09.21"]
[EventType "team-swiss"]
[EventRounds "11"]
[EventCountry "RUS"]
[SourceTitle "CBM 139"]
[Source "ChessBase"]
[SourceDate "2010.11.18"]
[SourceVersion "1"]
[SourceVersionDate "2010.11.18"]
[SourceQuality "1"]
[WhiteTeam "Guatemala (W)"]
[BlackTeam "Puerto Rico (W)"]
[WhiteTeamCountry "GUA"]
[BlackTeamCountry "PUR"]

1. e4 c5 2. Nf3 d6 3. d4 cxd4 4. Nxd4 Nf6 5. Nc3 g6 6. Be2 Bg7 7. 0-0 0-0 8. Bg5 h6 9. Bh4 Nc6 10. Nb3 Bd7 11. Kh1 Ne5 12. f4 Neg4 13. Qd3 Nh7 14. h3 Ngf6 15. Bf3 Qc7 16. Rad1 Rfd8 17. Qe2 g5 18. Bg3 gxf4 19. Bxf4 e5 20. Bc1 Rac8 21. Qf2 b5 22. Qh4 Ng5 23. Bh5 b4 24. Rxf6 bxc3 25. Bxg5 Bxf6 26. Bxf6 Kh7 27. Bxd8 Rxd8 28. bxc3 Be6 29. Qf6 Rg8 30. Rf1 Rg7 31. Qf3 a5 32. Rd1 a4 33. Nc1 Qc5 34. Bg4 Bc4 35. Nd3 Bxd3 36. Qxd3 Qa3 37. Qxd6 Qxa2 38. Bf5+ Kh8 39. Qd8+ 1-0

[Event "Olympiad Women-39"]
[Site "Khanty-Mansiysk"]
[Date "2010.09.24"]
[Round "4.40"]
[White "Mencos, Claudia"]
[Black "Abarca Gonzalez, Damaris"]
[Result "1-0"]
[WhiteElo "1912"]
[BlackElo "1991"]
[PlyCount "63"]
[EventDate "2010.09.21"]
[EventType "team-swiss"]
[EventRounds "11"]
[EventCountry "RUS"]
[SourceTitle "CBM 139"]
[Source "ChessBase"]
[SourceDate "2010.11.18"]
[SourceVersion "1"]
[SourceVersionDate "2010.11.18"]
[SourceQuality "1"]
[WhiteTeam "Guatemala (W)"]
[BlackTeam "Chile (W)"]
[WhiteTeamCountry "GUA"]
[BlackTeamCountry "CHI"]

1. e4 e5 2. Nf3 Nc6 3. Nc3 Nf6 4. Bb5 Bb4 5. 0-0 0-0 6. d3 d6 7. Bg5 Bxc3 8. bxc3 h6 9. Bh4 Bg4 10. h3 Bxf3 11. Qxf3 g5 12. Bg3 Kg7 13. h4 Ne7 14. h5 c6 15. Bc4 Qd7 16. d4 g4 17. Qd3 Nxh5 18. dxe5 d5 19. exd5 cxd5 20. e6 fxe6 21. Be5+ Nf6 22. Bb5 Nc6 23. Qg3 a6 24. Bxc6 Qxc6 25. Qxg4+ Kh7 26. Qh4 Ng8 27. Rab1 Qd7 28. Rb6 Rf7 29. Rfb1 Ra7 30. Qh3 Nf6 31. Rxe6 Ng8 32. Qd3+ 1-0